LEADER 00984nam a2200193 i 4500 001 000000249222 003 CaOOAMICUS 005 20160502000000.0 008 160502s1829 it u000 u ita u 013 $a228127 026 $aY.D. e-l- o.r- zeSt (3) 1829 (R) 040 $aSeMil$bita 245 10$aVol. 55. 300 $a461, [3] p. 773 0 $tBiografia universale antica e moderna ossia Storia per alfabeto della vita pubblica e privata di tutte le persone che si distinsero per opere, azioni, talenti, virtù e delitti. Opera affatto nuova compilata in Francia da una società di dotti ed ora per la prima volta recata in italiano con aggiunte e correzioni. Volume 1. [-65.].$dVenezia : presso Gio. Battista Missiaglia, dalla tipografia di Alvisopoli, 1822-1831.$g55$w()6971 850 $aSeMil 852 $aSeMil$W1$xVenegono$y1$m1E III 55 FA$j199568$B199568$CSeMilBibl$Z2$F211033 $8I 961 $aRecupero: Mantegazza 996 $6245$aVol. 55$9(OLS)http://semarc/title/341582 LEADER 01825nam a2200337 i 4500 001 000000195775 003 CaOOAMICUS 005 20101228000000.0 008 101228s2009 fr u000 u mul u 013 $a174455 020 $a978-2-204-09181-7 040 $aSeMil$bita 100 1 $aHrabanus, Maurus,$d.$0(OLS)http://semarc/name/2753 240 10$aCommentarium in Librum Ruth.$0(OLS)http://semarc/title/282566 245 10$aDeux commentaires sur le Livre de Ruth /$cRaban Maur, Claude de Turin ; texte latin George Colvener et I.M. Douglas ; introduction, traduction, notes et index par Pierre Monat. 260 $aParis :$bLes Éditions du Cerf,$c2009. 300 $a187 p. ;$c20 cm. 490 0 $aSources Chrétiennes ;$v533 500 $aContiene : Commentaire sur le Livre de Ruth, traduzione di: "Commentarium in Librum Ruth" / Raban Maur ; Commentaire sur le Livre de Ruth, traduzione di: "Expositio Claudii episcopi in Libro Ruth" / Claude de Turin. - Testo latino e traduzione francese. 650 4$aBibbia. Antico Testamento. Rut - Commentari, studi, critica, interpretazioni.$0(OLS)http://semarc/subject/6673 700 1 $aMonat, Pierre <1934- >.$0(OLS)http://semarc/name/18238 700 1 $aColveneer, George,$d<1564-1649>.$0(OLS)http://semarc/name/71016 830 0$aSources chrétiennes ;$v533.$0(OLS)http://semarc/title/72 850 $aSeMil 852 $aSeMil$W1$xVenegono$y1$mSL1.U I 533$j146344$B146344$CSeMilBibl$Z2$F157825 $8I 900 1 $aRabano, Mauro. 961 $aSottoscrizione: SODIS 996 $6020$a978-2-204-09181-7$9(OLS)http://semarc/number/187568 996 $6245$aDeux commentaires sur le Livre de Ruth$9(OLS)http://semarc/title/282565 996 $6260$aParis :$bLes Éditions du Cerf$9(OLS)http://semarc/publisher/29611